000 00469nam a2200181Ia 4500
001 10785
005 20260306161857.0
008 260306t1967||||xx |||||||||||||| ||spa||
041 _aESP
082 _a951.05
_bD281
100 _aDubarbier, Georges
_eAUT
245 0 _aLa China del siglo XX:
_b(del imperio Manchú a la revolución cultural)
260 _c1967
300 _a250 páginas :
_c18 cm.
650 _aGEN
654 _aCHU
942 _cLIB
_dJUS
_fJUS
_2ddc
_n
999 _c10785
_d10785